000
00211nam a22000857a 4500
008
161124b xxu||||| |||| 00| 0 eng d
100
_9
1340
_a
BPI INDIA
245
_a
The Vain Stag
260
_a
New Delhi
_b
BPI India
_c
2011
999
_c
4053
_d
4053